[Event "C.to Italiano Semifinale"]
[Site "Civitanova Marche ITA"]
[Date "2014.07.26"]
[Round "8"]
[White "Sibilio, Mario"]
[Black "Vezzosi, Paolo"]
[WhiteElo "2315"]
[BlackElo "2282"]
[Result "1/2-1/2"]
[PlyCount "81"]
[EventDate "2014.07.19"]

1. d4 Nf6 2. c4 e6 3. Nc3 d5 4. Bg5 Nbd7 5. Nf3 Bb4 6. e3 c5 7. cxd5 exd5 8.
Bb5 O-O 9. O-O Bxc3 10. bxc3 Qa5 11. a4 c4 12. Ne5 a6 13. Bxd7 Nxd7 14. Nxd7
Bxd7 15. Qc2 Rfe8 16. Rfb1 Bc6 17. Qd2 Re6 18. f3 Rae8 19. Bf4 h6 20. Re1 R8e7
21. h4 Re8 22. Kf2 Qd8 23. Rh1 a5 24. h5 Qd7 25. Qc2 R6e7 26. g4 Qe6 27. Rhg1
f6 28. Qg6 Qf7 29. Qc2 Kh8 30. Rae1 Qg8 31. Rb1 Qh7 32. Qxh7+ Kxh7 33. Rb6 Ra8
34. Ra1 Rd7 35. Rb2 Re8 36. Rb6 Kg8 37. Ke2 Kf7 38. Kd2 Re6 39. Rbb1 Re8 40.
Rb6 Re6 41. Rbb1 1/2-1/2

[Event "C.to Italiano Semifinale"]
[Site "Civitanova Marche ITA"]
[Date "2014.07.26"]
[Round "8"]
[White "Stella, Andrea"]
[Black "Martorelli, Antonio"]
[WhiteElo "2428"]
[BlackElo "2269"]
[Result "1-0"]
[PlyCount "97"]
[EventDate "2014.07.19"]

1. Nf3 d5 2. g3 c6 3. Bg2 Bg4 4. c4 Nf6 5. Ne5 Bf5 6. cxd5 cxd5 7. Nc3 Nc6 8.
Nxc6 bxc6 9. O-O e6 10. d3 Be7 11. e4 Bg6 12. h3 O-O 13. Qe2 Qb6 14. Bg5 h6 15.
Bh4 Rfe8 16. Rfe1 Qa6 17. a3 Rab8 18. Qc2 Bd8 19. b4 Bh7 20. Bxf6 Bxf6 21. Ra2
Bd4 22. Na4 Qb5 23. Rc1 Rec8 24. Nc5 Bg6 25. a4 Qxb4 26. Na6 Qb6 27. Nxb8 Qxb8
28. Kh2 Qd6 29. a5 Kh7 30. Ra4 dxe4 31. Bxe4 c5 32. Qe2 f5 33. Bf3 Rb8 34. Ra2
Rb3 35. Rd1 e5 36. a6 Qe6 37. Rdd2 Rb6 38. Bb7 Rb1 39. Bg2 Bf7 40. h4 Bc3 41.
Rdc2 Bd4 42. h5 Rb6 43. Bh3 Qd7 44. Ra5 Rb1 45. Raxc5 Bxc5 46. Rxc5 Qd4 47.
Bxf5+ Kh8 48. Rc8+ Bg8 49. Qa2 1-0

[Event "C.to Italiano Semifinale"]
[Site "Civitanova Marche ITA"]
[Date "2014.07.26"]
[Round "8"]
[White "Xia, Jie"]
[Black "Genocchio, Daniele"]
[WhiteElo "2292"]
[BlackElo "2404"]
[Result "0-1"]
[PlyCount "112"]
[EventDate "2014.07.19"]

1. e4 c5 2. Nf3 Nf6 3. e5 Nd5 4. c4 Nc7 5. b4 cxb4 6. a3 d6 7. exd6 exd6 8. Bb2
bxa3 9. Rxa3 d5 10. Re3+ Be6 11. Qb3 Nc6 12. cxd5 Nxd5 13. Qxb7 Qc8 14. Rb3
Ndb4 15. Qxc8+ Rxc8 16. Rc3 Be7 17. Ba3 O-O 18. Bb5 Rb8 19. Bxc6 Nxc6 20. O-O
Bxa3 21. Nxa3 Rb3 22. Rfc1 Rxc3 23. Rxc3 Rc8 24. Kf1 Kf8 25. Ke2 Ke7 26. Ke3 f6
27. d3 Kd7 28. Nb5 Bd5 29. Ra3 Re8+ 30. Kd2 Bxf3 31. gxf3 a5 32. f4 Rb8 33. Nc3
Nd4 34. Ra4 Rb4 35. Ra2 Nc6 36. Ke3 Rb3 37. Kd2 Rb4 38. Ke3 Rb3 39. Kd2 Ke6 40.
Ra1 Rb2+ 41. Ke3 Rb3 42. Ne4 Rb5 43. Rc1 Ne7 44. Kd4 Nf5+ 45. Kc4 Rb4+ 46. Kc5
Nd4 47. Rc4 Nb3+ 48. Kc6 Rxc4+ 49. dxc4 a4 50. Kb6 a3 51. Nc3 Nc1 52. Nb5 a2
53. Nd4+ Kd7 54. Nc2 Nb3 55. c5 Kc8 56. Kc6 Nd4+ 0-1

[Event "C.to Italiano Semifinale"]
[Site "Civitanova Marche ITA"]
[Date "2014.07.26"]
[Round "8"]
[White "Zamengo, Fulvio"]
[Black "Damia, Angelo"]
[WhiteElo "2162"]
[BlackElo "2205"]
[Result "1-0"]
[PlyCount "67"]
[EventDate "2014.07.19"]

1. e4 e6 2. d4 d5 3. e5 c5 4. c3 Qb6 5. Nf3 Bd7 6. Bd3 Bb5 7. dxc5 Bxc5 8. b4
Bxd3 9. Qxd3 Be7 10. O-O Nd7 11. Na3 Qc6 12. Nd4 Qc7 13. Qg3 a6 14. Re1 g6 15.
Nac2 Bf8 16. a4 Bg7 17. f4 Rc8 18. f5 Qxc3 19. fxe6 fxe6 20. Qg4 Nf8 21. Ra3
Qc7 22. Rf3 Ne7 23. Nxe6 Nxe6 24. Qxe6 Rf8 25. Bg5 Qd7 26. Nd4 Rxf3 27. gxf3
Rc4 28. Bxe7 Rxd4 29. Qg8+ Kxe7 30. e6 Rg4+ 31. Kh1 Rg1+ 32. Rxg1 Qxe6 33.
Qxg7+ Kd6 34. Qxh7 1-0

[Event "C.to Italiano Semifinale"]
[Site "Civitanova Marche ITA"]
[Date "2014.07.27"]
[Round "9"]
[White "Basso, Pier Luigi"]
[Black "Stella, Andrea"]
[WhiteElo "2302"]
[BlackElo "2428"]
[Result "1/2-1/2"]
[PlyCount "40"]
[EventDate "2014.07.19"]

1. b3 e5 2. Bb2 d6 3. e3 Nc6 4. Bb5 Bd7 5. Nf3 Nf6 6. O-O a6 7. Bxc6 Bxc6 8. d4
Bxf3 9. Qxf3 e4 10. Qe2 d5 11. c4 c6 12. cxd5 cxd5 13. Ba3 Bxa3 14. Nxa3 Qd6
15. Nc2 O-O 16. h3 Rac8 17. Rfc1 Rc6 18. Qd2 Rfc8 19. Ne1 h6 20. Rab1 Qc7
1/2-1/2

[Event "C.to Italiano Semifinale"]
[Site "Civitanova Marche ITA"]
[Date "2014.07.27"]
[Round "9"]
[White "Bellia, Fabrizio"]
[Black "Altini, Nicola"]
[WhiteElo "2396"]
[BlackElo "2412"]
[Result "1/2-1/2"]
[PlyCount "78"]
[EventDate "2014.07.19"]

1. d4 d5 2. Nf3 Nf6 3. c4 e6 4. g3 Be7 5. Bg2 O-O 6. O-O dxc4 7. Qc2 b5 8. a4
b4 9. Nbd2 Bb7 10. Nxc4 Be4 11. Qb3 Nc6 12. Be3 Bd5 13. Qd3 b3 14. Bg5 Rb8 15.
Bxf6 Bxf6 16. e3 Nb4 17. Qxb3 Be4 18. Qc3 c5 19. Ncd2 cxd4 20. exd4 Bd5 21. b3
a5 22. Rfd1 Nc6 23. Rac1 Rb4 24. Nc4 Bxf3 25. Qxf3 Nxd4 26. Qe3 Re8 27. Ne5
Bxe5 28. Qxe5 f6 29. Qc7 Qe7 30. Qxe7 Rxe7 31. Rc4 Nxb3 32. Rxb4 axb4 33. Rb1
Nc5 34. Rxb4 Ra7 35. Bc6 Kf7 36. Rc4 Nb3 37. Rb4 Nc5 38. Rc4 Nb3 39. Rb4 Nc5
1/2-1/2

[Event "C.to Italiano Semifinale"]
[Site "Civitanova Marche ITA"]
[Date "2014.07.27"]
[Round "9"]
[White "Bruno, Fabio"]
[Black "Calavalle, Giulio"]
[WhiteElo "2428"]
[BlackElo "2209"]
[Result "1-0"]
[PlyCount "59"]
[EventDate "2014.07.19"]

1. d4 Nf6 2. Nf3 d5 3. c4 e6 4. Nc3 Nbd7 5. Bg5 c6 6. e3 Bd6 7. Bd3 dxc4 8.
Bxc4 b5 9. Bd3 Bb7 10. O-O Qb6 11. a3 a5 12. e4 e5 13. dxe5 Nxe5 14. Nxe5 Bxe5
15. Be3 Qd8 16. Qe2 O-O 17. f4 Bd4 18. Rad1 Ng4 19. Qxg4 Bxe3+ 20. Kh1 Bc8 21.
Qf3 Qb6 22. Bxb5 Bc5 23. Bd3 Qxb2 24. e5 Ba6 25. Ne4 Be7 26. Bxa6 Rxa6 27. Rd7
Qxa3 28. Qg4 Raa8 29. Ng3 Rfd8 30. Nf5 1-0

[Event "C.to Italiano Semifinale"]
[Site "Civitanova Marche ITA"]
[Date "2014.07.27"]
[Round "9"]
[White "Contin, Daniel"]
[Black "Gilevych, Artem"]
[WhiteElo "2319"]
[BlackElo "2362"]
[Result "1/2-1/2"]
[PlyCount "42"]
[EventDate "2014.07.19"]

1. c4 e5 2. Nc3 Nf6 3. e3 c6 4. d4 exd4 5. exd4 d5 6. Nf3 Be7 7. cxd5 Nxd5 8.
Bd3 Be6 9. O-O Nd7 10. Re1 O-O 11. h3 Bf6 12. Ne4 Bf5 13. Qb3 N7b6 14. Bd2 Bg6
15. a4 a5 16. Rac1 Be7 17. Nc5 Bxd3 18. Nxd3 Qc7 19. Re4 Bd6 20. Nc5 Nf6 21.
Re2 Rfe8 1/2-1/2

[Event "C.to Italiano Semifinale"]
[Site "Civitanova Marche ITA"]
[Date "2014.07.27"]
[Round "9"]
[White "Genocchio, Daniele"]
[Black "Cocchi, Andrea"]
[WhiteElo "2404"]
[BlackElo "2282"]
[Result "1-0"]
[PlyCount "81"]
[EventDate "2014.07.19"]

1. e4 c5 2. Nf3 d6 3. d4 cxd4 4. Nxd4 Nf6 5. Nc3 e6 6. Bg5 Be7 7. Qd2 a6 8. f4
O-O 9. O-O-O b5 10. Bd3 Bb7 11. Qe1 Nfd7 12. h4 Nc6 13. Nd5 exd5 14. Nxc6 Bxc6
15. exd5 Re8 16. dxc6 Bxg5 17. Bxh7+ Kf8 18. Qd2 Bxf4 19. Qxf4 Ne5 20. Be4 Rc8
21. Rhf1 Re6 22. Bf5 Rf6 23. Qe4 Rb8 24. h5 Qc7 25. g4 Rh6 26. Bg6 Re8 27. Qd5
Nxg6 28. hxg6 Rxg6 29. Rd3 Re5 30. Qh1 Rxg4 31. Rdf3 f6 32. Qh8+ Ke7 33. Rxf6
Re1+ 34. Rxe1+ Kxf6 35. Rf1+ Kg5 36. Qh7 Rf4 37. Rg1+ Rg4 38. Rf1 Rf4 39. Rg1+
Rg4 40. Rh1 Qf7 41. c7 1-0

[Event "C.to Italiano Semifinale"]
[Site "Civitanova Marche ITA"]
[Date "2014.07.27"]
[Round "9"]
[White "Martorelli, Antonio"]
[Black "Dappiano, Andrea"]
[WhiteElo "2269"]
[BlackElo "2190"]
[Result "0-1"]
[PlyCount "92"]
[EventDate "2014.07.19"]

1. e4 e6 2. d3 d5 3. Qe2 Nf6 4. Nf3 b6 5. c3 Be7 6. e5 Nfd7 7. g3 c5 8. Bg2 Nc6
9. O-O Qc7 10. Re1 Bb7 11. h4 h6 12. h5 O-O-O 13. a3 Rde8 14. b4 g5 15. b5 Na5
16. Nbd2 f6 17. d4 fxe5 18. dxe5 Bf8 19. Nh2 Bg7 20. Ng4 Rhf8 21. c4 Rf5 22.
cxd5 exd5 23. Bb2 d4 24. Bxb7+ Nxb7 25. Qd3 Ref8 26. Nc4 Nxe5 27. Ngxe5 Bxe5
28. Re2 Rf3 29. Qe4 Bxg3 30. fxg3 Qxg3+ 31. Rg2 Qh3 32. Ne5 R3f6 33. Nc4 Qxh5
34. Re1 Qf7 35. Bc1 Qxc4 36. Qg4+ Kb8 37. Qg3+ Ka8 38. Rge2 Qf7 39. Qg2 Rf3 40.
Re7 Qh5 41. Rh7 R3f7 42. Re7 Qd1+ 43. Kh2 Rf2 44. Bf4 Rxg2+ 45. Kxg2 gxf4 46.
Rxb7 f3+ 0-1

[Event "C.to Italiano Semifinale"]
[Site "Civitanova Marche ITA"]
[Date "2014.07.27"]
[Round "9"]
[White "Pescatore, Lorenzo"]
[Black "Bove, Alessandro"]
[WhiteElo "2246"]
[BlackElo "2323"]
[Result "1-0"]
[PlyCount "37"]
[EventDate "2014.07.19"]

1. e4 c5 2. c3 g6 3. d4 cxd4 4. cxd4 d5 5. exd5 Nf6 6. Bb5+ Bd7 7. Bc4 b5 8.
Bb3 Bg7 9. Nf3 O-O 10. O-O Bf5 11. Ne5 Bxb1 12. Rxb1 Nxd5 13. Qe2 e6 14. Qxb5
Nc7 15. Qa4 a6 16. Rd1 Nb5 17. Be3 Qd6 18. Nc4 Qd8 19. d5 1-0

[Event "C.to Italiano Semifinale"]
[Site "Civitanova Marche ITA"]
[Date "2014.07.27"]
[Round "9"]
[White "Pulito, Alberto"]
[Black "Moroni, Luca Jr"]
[WhiteElo "2253"]
[BlackElo "2347"]
[Result "1-0"]
[PlyCount "81"]
[EventDate "2014.07.19"]

1. e4 e6 2. d3 c5 3. g3 Nc6 4. Nf3 d5 5. Nbd2 Nf6 6. Bg2 g6 7. O-O Bg7 8. Re1
O-O 9. c3 b6 10. e5 Nd7 11. d4 cxd4 12. cxd4 a5 13. Nf1 Ba6 14. Bg5 Qc7 15. Rc1
Qb7 16. Qd2 Rfc8 17. Rc3 Bf8 18. h4 b5 19. N1h2 b4 20. Rcc1 Ne7 21. Bh6 Bxh6
22. Qxh6 Nf5 23. Qf4 Kg7 24. Ng4 Rxc1 25. Rxc1 Rc8 26. Re1 Rc2 27. Nf6 Qc8 28.
g4 Nh6 29. Ng5 Nf8 30. Re3 Qd8 31. Rf3 Qe7 32. h5 Ng8 33. h6+ Nxh6 34. Rh3 Ng8
35. Ngxh7 g5 36. Qxg5+ Ng6 37. Qh5 Nf4 38. Qg5+ Ng6 39. Qe3 Qd8 40. Nxg8 Kxg8
41. Qh6 1-0

[Event "C.to Italiano Semifinale"]
[Site "Civitanova Marche ITA"]
[Date "2014.07.27"]
[Round "9"]
[White "Teutsch, Alexander"]
[Black "Xia, Jie"]
[WhiteElo "2149"]
[BlackElo "2292"]
[Result "1/2-1/2"]
[PlyCount "230"]
[EventDate "2014.07.19"]

1. d4 Nf6 2. c4 d6 3. Nc3 Nbd7 4. e3 e5 5. Nge2 g6 6. g3 Bg7 7. Bg2 O-O 8. O-O
c6 9. b3 Re8 10. Ba3 Bf8 11. h3 h5 12. dxe5 dxe5 13. Bxf8 Nxf8 14. Qxd8 Rxd8
15. Rad1 Be6 16. f4 Rxd1 17. Rxd1 N8d7 18. Nc1 Re8 19. Nd3 exf4 20. gxf4 Bf5
21. Kf2 Kg7 22. Ne2 Bxd3 23. Rxd3 Nc5 24. Rd1 a5 25. Nc3 Kf8 26. Kf3 Ke7 27.
Rd4 Rg8 28. h4 Ra8 29. e4 Nfd7 30. Bh3 Nb6 31. e5 Rf8 32. f5 gxf5 33. Bxf5 a4
34. bxa4 Ne6 35. Bxe6 fxe6+ 36. Rf4 Rd8 37. Ke3 Nd7 38. Re4 Rg8 39. Ne2 Nc5 40.
Rd4 Nd7 41. Re4 Nc5 42. Rd4 Rg2 43. Kf3 Rh2 44. Nf4 Rxa2 45. Nxh5 Rxa4 46. Nf4
b5 47. Rd6 Rxc4 48. Rxc6 b4 49. Nxe6 Rc3+ 50. Ke2 Na4 51. Ra6 Ra3 52. Nc7 Nc3+
53. Kd2 Ne4+ 54. Kd1 Rd3+ 55. Ke2 Rd7 56. Rb6 Rxc7 57. Rxb4 Nc3+ 58. Kd3 Nd5
59. Rg4 Ke6 60. Kd4 Ne7 61. Rg5 Nf5+ 62. Ke4 Rc4+ 63. Kd3 Rd4+ 64. Kc3 Rxh4 65.
Rg8 Kxe5 66. Re8+ Kd5 67. Rd8+ Nd6 68. Kd3 Rd4+ 69. Ke3 Ke5 70. Ra8 Nc4+ 71.
Kf3 Rf4+ 72. Kg3 Ke4 73. Re8+ Ne5 74. Kg2 Rf5 75. Rg8 Ke3 76. Rg7 Rf2+ 77. Kg3
Rf6 78. Rg8 Rf3+ 79. Kg2 Rf7 80. Kg3 Re7 81. Kg2 Nd3 82. Rg3+ Ke2 83. Rg8 Re3
84. Rf8 Ne1+ 85. Kh2 Nc2 86. Kg2 Nd4 87. Rf2+ Kd3 88. Rf8 Kd2 89. Rd8 Re4 90.
Ra8 Nf5 91. Rf8 Ne3+ 92. Kf3 Rd4 93. Ra8 Nc2 94. Re8 Rd7 95. Ke4 Rd4+ 96. Ke5
Rd3 97. Rh8 Ne1 98. Rh2+ Ke3 99. Ra2 Nf3+ 100. Kf5 Rd5+ 101. Ke6 Rb5 102. Ra3+
Ke4 103. Ra1 Nd4+ 104. Kf6 Rf5+ 105. Kg6 Rf2 106. Re1+ Ne2 107. Ra1 Nc3 108.
Re1+ Kd5 109. Ra1 Ne4 110. Rg1 Ke5 111. Kg7 Nd6 112. Kg6 Rf6+ 113. Kg7 Nf5+
114. Kg8 Ra6 115. Kf7 Ra7+ 1/2-1/2

[Event "C.to Italiano Semifinale"]
[Site "Civitanova Marche ITA"]
[Date "2014.07.27"]
[Round "9"]
[White "Valsecchi, Alessio"]
[Black "De Filomeno, Simone"]
[WhiteElo "2421"]
[BlackElo "2440"]
[Result "1/2-1/2"]
[PlyCount "72"]
[EventDate "2014.07.19"]

1. e4 c5 2. Nf3 d6 3. d4 cxd4 4. Nxd4 Nf6 5. Nc3 a6 6. Bg5 e6 7. Qf3 Nbd7 8.
O-O-O Qc7 9. Qg3 b5 10. Bxb5 axb5 11. Ndxb5 Qb8 12. Nxd6+ Bxd6 13. Qxd6 Qxd6
14. Rxd6 h6 15. Bxf6 Nxf6 16. f3 Ke7 17. Rhd1 Bb7 18. Rb6 Rhb8 19. b3 Ba6 20.
Rxb8 Rxb8 21. Na4 Rc8 22. c4 g5 23. Kc2 h5 24. e5 Nd5 25. Kb2 Bxc4 26. Rc1 Ba6
27. Rxc8 Bxc8 28. Nc5 Nb6 29. Kc3 Nd7 30. Kd4 Nxc5 31. Kxc5 Bb7 32. b4 g4 33.
fxg4 hxg4 34. g3 Kd7 35. b5 Kc7 36. a4 Bf3 1/2-1/2

[Event "C.to Italiano Semifinale"]
[Site "Civitanova Marche ITA"]
[Date "2014.07.27"]
[Round "9"]
[White "Vezzosi, Paolo"]
[Black "Pesce, Gabriele"]
[WhiteElo "2282"]
[BlackElo "2203"]
[Result "1/2-1/2"]
[PlyCount "94"]
[EventDate "2014.07.19"]

1. d4 Nf6 2. Nc3 d5 3. Bg5 Bf5 4. Bxf6 exf6 5. e3 c6 6. Bd3 Be6 7. e4 Bb4 8.
Nge2 O-O 9. O-O dxe4 10. Nxe4 Re8 11. c3 Bf8 12. Qc2 Qc7 13. c4 Nd7 14. Rad1
Rad8 15. h3 g6 16. N4c3 Nb6 17. Nb1 Bg7 18. Nd2 f5 19. Nf3 c5 20. d5 Bd7 21.
Rfe1 Nc8 22. Qd2 Nd6 23. Nc3 Rxe1+ 24. Rxe1 Re8 25. Rxe8+ Bxe8 26. Qe1 Kf8 27.
Qe3 b6 28. g3 Qe7 29. Qf4 Bd7 30. h4 h5 31. Kf1 a6 32. Nd1 Ne8 33. b3 Qd6 34.
Qd2 Nf6 35. Nc3 Ng4 36. Ne2 Bh6 37. Nf4 Bg7 38. Ng5 Bd4 39. Ngh3 Qe5 40. Ne2
Ba1 41. f3 Qe3 42. Qxe3 Nxe3+ 43. Ke1 Ke7 44. Nhf4 Kd6 45. Kd2 Nf1+ 46. Ke1 Ne3
47. Kd2 Nf1+ 1/2-1/2

[Event "C.to Italiano Semifinale"]
[Site "Civitanova Marche ITA"]
[Date "2014.07.27"]
[Round "9"]
[White "Zamengo, Fulvio"]
[Black "Sibilio, Mario"]
[WhiteElo "2162"]
[BlackElo "2315"]
[Result "1-0"]
[PlyCount "98"]
[EventDate "2014.07.19"]

1. e4 d5 2. exd5 Nf6 3. d4 Nxd5 4. Nf3 g6 5. Be2 Bg7 6. O-O O-O 7. h3 Qd6 8.
Nbd2 Nf4 9. Bc4 Bf5 10. c3 c5 11. Nb3 cxd4 12. Nbxd4 Bd7 13. Re1 e5 14. Bxf4
exf4 15. Bb5 Bxb5 16. Nxb5 Qb6 17. Qb3 a6 18. Nbd4 Nd7 19. Qxb6 Nxb6 20. Re7
Rab8 21. Rae1 Nd5 22. Rd7 Rfd8 23. Rxd8+ Rxd8 24. Nb3 b6 25. Rd1 Bf6 26. a4 a5
27. Rd3 Kf8 28. Nbd2 Nc7 29. Rxd8+ Bxd8 30. Nc4 Nd5 31. Kf1 f5 32. Ke2 Bf6 33.
Kd3 Ke7 34. Nd4 Kd7 35. Nd2 h5 36. Kc4 Nc7 37. N2f3 Ne8 38. Nb5 Nd6+ 39. Nxd6
Kxd6 40. Kb5 Bd8 41. Nd2 Kc7 42. Nc4 Kb7 43. Ne5 g5 44. f3 Be7 45. Nc4 Bd8 46.
Nd6+ Kc7 47. Nxf5 Kd7 48. Nd4 Kd6 49. Nb3 Kd5 1-0

[Event "XLI C.to Italiano Femminile"]
[Site "Fano ITA"]
[Date "2014.07.31"]
[Round "4"]
[White "Chiarion, Elisa"]
[Black "Di Benedetto, Desiree"]
[WhiteElo "1950"]
[BlackElo "1873"]
[Result "0-1"]
[PlyCount "36"]
[EventDate "2014.07.28"]

1. e4 e6 2. d4 d5 3. Nc3 Nf6 4. e5 Nfd7 5. Qh5 c5 6. Nf3 cxd4 7. Nb5 Nc6 8.
Nbxd4 g6 9. Nxc6 bxc6 10. Qg4 Bg7 11. Qg3 Qc7 12. Bf4 Nc5 13. Nd2 Rb8 14. b3
Qa5 15. c3 Nxb3 16. Rb1 Qxa2 17. c4 Bxe5 18. Rxb3 Rxb3 0-1

[Event "XLI C.to Italiano Femminile"]
[Site "Fano ITA"]
[Date "2014.08.01"]
[Round "6"]
[White "Colantuono, Virginia"]
[Black "Gueci, Laura"]
[WhiteElo "1982"]
[BlackElo "1968"]
[Result "0-1"]
[PlyCount "72"]
[EventDate "2014.07.28"]

1. e4 c5 2. Nf3 Nc6 3. d4 cxd4 4. Nxd4 g6 5. Nc3 Bg7 6. Be3 Nf6 7. Bc4 O-O 8.
Bb3 d6 9. f3 Bd7 10. Qd2 Nxd4 11. Bxd4 b5 12. Nd5 Nxd5 13. Bxd5 Rc8 14. Bxg7
Kxg7 15. O-O-O a5 16. Qd4+ e5 17. Qe3 b4 18. h4 h5 19. g4 Rh8 20. gxh5 Rxh5 21.
f4 Qc7 22. Rd2 Rch8 23. Qg3 Bc6 24. f5 Bxd5 25. Rxd5 Qd8 26. fxg6 fxg6 27. Rg1
Qf6 28. Rxa5 Rxh4 29. Ra7+ Kh6 30. Rf7 Qxf7 31. Qxh4+ Kg7 32. Qe1 Qxa2 33. Qg3
Qf7 34. Qd3 Ra8 35. Rg2 Ra1+ 36. Kd2 Qf4+ 0-1

[Event "XLI C.to Italiano Femminile"]
[Site "Fano ITA"]
[Date "2014.08.01"]
[Round "6"]
[White "Paolillo, Gaia"]
[Black "Alfier, Cecilia"]
[WhiteElo "1929"]
[BlackElo "1683"]
[Result "1-0"]
[PlyCount "61"]
[EventDate "2014.07.28"]

1. Nf3 Nf6 2. c4 g6 3. g3 Bg7 4. Bg2 c5 5. Nc3 O-O 6. O-O d6 7. d4 cxd4 8. Nxd4
Nbd7 9. e4 a6 10. Be3 e5 11. Nc2 Nb8 12. Nb4 Nc6 13. Nbd5 Be6 14. Rc1 Nd7 15.
Qd2 Nd4 16. Bxd4 exd4 17. Ne2 d3 18. Nef4 Bxd5 19. Nxd5 Rb8 20. b3 Nc5 21. b4
Ne6 22. Qxd3 Nd4 23. Rfd1 f5 24. exf5 Rxf5 25. f4 Qe8 26. Re1 Ne6 27. Nc7 Nxc7
28. Rxe8+ Nxe8 29. Re1 b5 30. cxb5 Rfxb5 31. Bc6 1-0

[Event "XLI C.to Italiano Femminile"]
[Site "Fano ITA"]
[Date "2014.08.01"]
[Round "6"]
[White "Scarpa, Silvia"]
[Black "Miracola, Giorgia"]
[WhiteElo "1806"]
[BlackElo "1855"]
[Result "1/2-1/2"]
[PlyCount "94"]
[EventDate "2014.07.28"]

1. e4 Nf6 2. e5 Nd5 3. c4 Nb6 4. d4 d6 5. exd6 cxd6 6. Nc3 g6 7. Be3 Bg7 8. Rc1
O-O 9. b3 Bf5 10. Be2 Nc6 11. d5 Ne5 12. f4 Ned7 13. Nf3 Bg4 14. O-O Re8 15.
Nb5 a5 16. a4 Nf6 17. h3 Bd7 18. Nfd4 Ne4 19. Bd3 Nc5 20. Bc2 Bxb5 21. Nxb5 e6
22. Bxc5 dxc5 23. d6 Rb8 24. Qd2 Nd7 25. Nc7 Bd4+ 26. Kh1 Nf6 27. Qxa5 Qxd6 28.
Nxe8 Rxe8 29. Rcd1 Nh5 30. Rf3 Nxf4 31. Qd2 e5 32. Be4 Re7 33. b4 f5 34. Bc2
Nh5 35. Rb3 e4 36. bxc5 Ng3+ 37. Rxg3 Qxg3 38. Qxd4 e3 39. Qd8+ Kf7 40. Qd5+
Kg7 41. Qd6 Qh4 42. Qd3 e2 43. Qc3+ Kf7 44. Re1 Re3 45. Qd2 Rxh3+ 46. gxh3
Qxh3+ 47. Kg1 Qg3+ 1/2-1/2

[Event "XXII C.to Italiano U20"]
[Site "Fano ITA"]
[Date "2014.07.31"]
[Round "4"]
[White "Altea, Alessandro"]
[Black "Caprio, Guido"]
[WhiteElo "1966"]
[BlackElo "2415"]
[Result "1-0"]
[PlyCount "53"]
[EventDate "2014.07.28"]

1. e4 c5 2. c3 Nf6 3. e5 Nd5 4. d4 cxd4 5. Nf3 e6 6. cxd4 b6 7. Bd3 Bb7 8. a3
Be7 9. O-O O-O 10. Re1 f5 11. exf6 Nxf6 12. Nc3 Bd6 13. Bg5 h6 14. Bh4 Bxf3 15.
Qxf3 Nc6 16. Ne4 Be7 17. Nxf6+ Bxf6 18. Bxf6 Qxf6 19. Qxf6 Rxf6 20. Rad1 Raf8
21. f3 d5 22. Bb5 Na5 23. Bd7 Kf7 24. Rc1 Nc4 25. b3 Nxa3 26. Rc7 Kg6 27. Ra1
1-0

[Event "XXII C.to Italiano U20"]
[Site "Fano ITA"]
[Date "2014.07.31"]
[Round "4"]
[White "Santeramo, Domenico"]
[Black "Boscolo, Federico"]
[WhiteElo "2059"]
[BlackElo "2309"]
[Result "0-1"]
[PlyCount "74"]
[EventDate "2014.07.28"]

1. e4 g6 2. Nf3 Bg7 3. Nc3 d6 4. h3 c5 5. Bb5+ Nd7 6. O-O Ngf6 7. d3 O-O 8.
Bxd7 Bxd7 9. Be3 Bc6 10. Qd2 Re8 11. Nh2 d5 12. Bxc5 dxe4 13. Rad1 exd3 14.
Qxd3 Qc7 15. Qe3 b6 16. Ba3 Qb7 17. f3 b5 18. Bc5 b4 19. Ne2 Nd5 20. Qf2 a5 21.
b3 Rac8 22. Rfe1 Bb5 23. Nc1 Qc6 24. Bd4 e5 25. Ba1 h5 26. Nf1 Nf4 27. Ne3 Bf8
28. Nd3 Bxd3 29. cxd3 Bc5 30. d4 exd4 31. Bxd4 Rcd8 32. Bxc5 Qxc5 33. Rxd8 Rxd8
34. Qh4 g5 35. Qg3 Rd1 36. Kh2 h4 37. Qf2 Nd3 0-1

[Event "C.to Regionale Toscana"]
[Site "Firenze ITA"]
[Date "2014.06.02"]
[Round "5"]
[White "Pepino, Enrico"]
[Black "Collutiis, Duilio"]
[WhiteElo "2182"]
[BlackElo "2469"]
[Result "1-0"]
[PlyCount "57"]
[EventDate "2014.05.31"]

1. e4 e5 2. Nf3 Nc6 3. d4 exd4 4. Nxd4 Bb4+ 5. c3 Bc5 6. g3 Nf6 7. Bg2 d5 8.
exd5 Nxd4 9. cxd4 Bb4+ 10. Nc3 Nxd5 11. O-O Nxc3 12. bxc3 Be7 13. Qa4+ Qd7 14.
Qxd7+ Kxd7 15. Rb1 Rb8 16. Re1 b6 17. c4 Ba6 18. Bh3+ Kd8 19. c5 Bc4 20. Bf4
Re8 21. c6 g5 22. Bd2 Bf6 23. Bd7 Re6 24. Bxe6 fxe6 25. Rbd1 a5 26. d5 Ke7 27.
dxe6 Bxe6 28. Bxa5 Kf7 29. Bb4 1-0

[Event "V Festival A"]
[Site "Forni di Sopra ITA"]
[Date "2014.06.14"]
[Round "1"]
[White "Astengo, Corrado"]
[Black "Narciso Dublan, Marc"]
[WhiteElo "2102"]
[BlackElo "2538"]
[Result "0-1"]
[PlyCount "106"]
[EventDate "2014.06.14"]

1. e4 e5 2. Nf3 Nc6 3. Bb5 a6 4. Ba4 b5 5. Bb3 Na5 6. O-O d6 7. c3 Nxb3 8. axb3
Nf6 9. d3 g6 10. b4 Bg7 11. h3 O-O 12. Be3 Nd7 13. d4 Re8 14. Nbd2 exd4 15.
Bxd4 Bb7 16. Re1 Bh6 17. Be3 Bxe3 18. Rxe3 Qf6 19. Nh2 Re7 20. Qg4 Rae8 21.
Rae1 c5 22. bxc5 Nxc5 23. Qf3 Qxf3 24. Nhxf3 Kf8 25. e5 dxe5 26. Nxe5 f6 27.
Ng4 Nd3 28. Rb1 Rxe3 29. Nxe3 f5 30. Kf1 a5 31. Nb3 f4 32. Nc2 f3 33. gxf3 Bc8
34. Ncd4 Bxh3+ 35. Kg1 a4 36. Nd2 Rb8 37. Ne4 b4 38. Nc6 Rb6 39. Nxb4 Nxb4 40.
cxb4 Rxb4 41. Ra1 Bd7 42. Ra3 Bc6 43. Nc5 Rc4 44. Nd3 Bb5 45. Ra2 Ke7 46. Kg2
Kd6 47. Kg3 Rd4 48. Nf4 Rd2 49. Nh3 h6 50. Nf4 Rd1 51. Ra3 Rb1 52. Nd3 Kd5 53.
f4 Kd4 0-1

[Event "V Festival A"]
[Site "Forni di Sopra ITA"]
[Date "2014.06.14"]
[Round "1"]
[White "D'Amore, Carlo"]
[Black "Gueci, Tea"]
[WhiteElo "2492"]
[BlackElo "2090"]
[Result "1-0"]
[PlyCount "119"]
[EventDate "2014.06.14"]

1. Nf3 Nf6 2. g3 g6 3. b3 Bg7 4. Bb2 O-O 5. Bg2 d6 6. d4 Nbd7 7. O-O c5 8. c4
Rb8 9. Nc3 cxd4 10. Nxd4 Ne5 11. Qd2 Bd7 12. h3 Nc6 13. Rfd1 Qc8 14. Nxc6 bxc6
15. Kh2 Be6 16. e4 Qb7 17. Na4 Rfd8 18. e5 Ne8 19. exd6 exd6 20. Bxg7 Nxg7 21.
Nc3 Qc7 22. Ne4 Ne8 23. Qg5 Kg7 24. Rd2 f5 25. Nc3 Nf6 26. Rad1 Rd7 27. Ne2 Re8
28. Nd4 Ne4 29. Bxe4 fxe4 30. Qf4 Bf7 31. Ne2 d5 32. Qe3 Qb6 33. cxd5 Qxe3 34.
fxe3 cxd5 35. Rc1 Red8 36. Rc5 Rd6 37. Nd4 R8d7 38. Rdc2 Rf6 39. Kg2 Ra6 40. g4
h6 41. Rc6 Rxc6 42. Rxc6 Rb7 43. h4 Kf8 44. Kg3 Ke7 45. Kf4 Be8 46. Ra6 Rc7 47.
Ke5 Bf7 48. b4 Kf8 49. b5 Rb7 50. a4 Re7+ 51. Kf4 Be8 52. g5 hxg5+ 53. hxg5 Rh7
54. a5 Rb7 55. Rf6+ Ke7 56. b6 axb6 57. axb6 Rb8 58. Ke5 Rd8 59. Re6+ Kf7 60.
Rd6 1-0

[Event "V Festival A"]
[Site "Forni di Sopra ITA"]
[Date "2014.06.14"]
[Round "1"]
[White "Delchev, Aleksander"]
[Black "Behling, Robert"]
[WhiteElo "2638"]
[BlackElo "2117"]
[Result "1-0"]
[PlyCount "39"]
[EventDate "2014.06.14"]

1. d4 d5 2. Bf4 Nf6 3. e3 c5 4. c3 Nc6 5. Nd2 Qb6 6. Qb3 Bf5 7. dxc5 Qxb3 8.
axb3 e5 9. Bg3 Bxc5 10. Ngf3 Nd7 11. b4 Bd6 12. Bb5 f6 13. Nd4 Nxd4 14. exd4
Ke7 15. dxe5 Bxe5 16. O-O a6 17. Bxd7 Kxd7 18. Ra5 Kc6 19. Rc5+ Kb6 20. f4 1-0

[Event "V Festival A"]
[Site "Forni di Sopra ITA"]
[Date "2014.06.14"]
[Round "1"]
[White "Gregori, Giacomo"]
[Black "Cocchi, Andrea"]
[WhiteElo "2042"]
[BlackElo "2318"]
[Result "1-0"]
[PlyCount "69"]
[EventDate "2014.06.14"]

1. Nf3 c5 2. g3 b6 3. Bg2 Bb7 4. d3 g6 5. e4 Bg7 6. O-O d6 7. Nbd2 Nc6 8. c3
Nf6 9. Re1 O-O 10. a3 Rc8 11. Qe2 Ba6 12. b4 Nd7 13. Rb1 cxb4 14. axb4 Bb7 15.
Bb2 b5 16. d4 Qb6 17. h4 a5 18. bxa5 Nxa5 19. h5 Ba6 20. hxg6 hxg6 21. Ng5 Bh6
22. Qg4 Nf6 23. Qh4 Kg7 24. e5 Rh8 25. exf6+ exf6 26. Nxf7 Bxd2 27. Nxh8 Qc7
28. Nxg6 Bxe1 29. Rxe1 Kxg6 30. Qg4+ Kh7 31. Be4+ Kh8 32. Kg2 Qg7 33. Rh1+ Kg8
34. Qe6+ Qf7 35. Rh8+ 1-0